000 00448pab a2200181 454500
008 180718b2013 xxu||||| |||| 00| 0 eng d
100 _aJhunjhunwala, Bharat
245 _aLook at the components of fiscal deficit, Mr. Chidambaram
260 _c2013
300 _ap.9-10.
362 _a9 Mar
650 _aDeficit financing - India
650 _aBudget - India
650 _aBudget
773 _aMainstream
908 _aN
909 _a98360
999 _c98359
_d98359